| 000 | 00469nam a2200169Ia 4500 | ||
|---|---|---|---|
| 008 | 230718s9999 xx 000 0 und d | ||
| 020 | _a9780007412556 | ||
| 041 | _aeng | ||
| 082 |
_a820.9 _bNAF |
||
| 100 |
_aNafisi A. _9193431 |
||
| 245 |
_aReading Lolita In Tehran _bA Memoir In Books |
||
| 260 |
_c2008 _bHarper Perennial |
||
| 300 | _a347 | ||
| 365 |
_cRs. _b299.00 |
||
| 700 |
_aNafisi A. _9193431 |
||
| 906 |
_dO:0281525-Apr-2012B:1108710-Apr-2012 _cGENRL _b74.75 |
||
| 999 |
_c330565 _d330565 |
||